000 00423nam a2200169Ia 4500
003 OSt
005 20220115071133.0
008 211109s9999||||xx |||||||||||||| ||und||
040 _cSBCL
082 _a824
_bFOW-E
100 _aFowler, J H
245 0 _aEssays from Addison
260 _bNATIONAL BOOKSTALL
_aKottayam
_c1950
630 _xGeneral Stack
650 _aEnglish Literature
_vEnglish Essays
_xEnglish
942 _cBOOK
999 _c559
_d559